[Event "Landesliga Sued 1112"]
[Site "Bayern"]
[Date "2012.03.18"]
[Round "8.7"]
[White "Michaelis, Lothar"]
[Black "Weichlein, Paul"]
[Result "0-1"]
[WhiteElo "2024"]
[BlackElo "1911"]
[PlyCount "52"]
[EventDate "2011.10.02"]
[EventType "team-tourn"]
[EventRounds "9"]
[EventCountry "GER"]
[SourceTitle "EXT 2015"]
[Source "ChessBase"]
[SourceDate "2014.11.20"]
[SourceVersion "1"]
[SourceVersionDate "2014.11.20"]
[SourceQuality "1"]
[WhiteTeam "Ingolstadt"]
[BlackTeam "Haunstetten"]
[WhiteTeamCountry "GER"]
[BlackTeamCountry "GER"]

1. e4 c5 2. Nf3 d6 3. d4 cxd4 4. Nxd4 Nf6 5. Nc3 g6 6. f3 Bg7 7. Be3 Nc6 8. Qd2 0-0 9. 0-0-0 d5 10. Nxc6 bxc6 11. Bh6 Bxh6 12. Qxh6 Rb8 13. Bd3 Qb6 14. b3 Qb4 15. Kb2 a5 16. h4 a4 17. a3 Qa5 18. h5 axb3 19. cxb3 d4 20. Nb1 Be6 21. hxg6 Rxb3+ 22. Kc1 Rxb1+ 23. Bxb1 Qc3+ 24. Bc2 Qxa3+ 25. Kd2 Qc3+ 26. Kc1 Ra8 0-1

[Event "Regionalliga SO 1112"]
[Site "Bayern"]
[Date "2011.11.20"]
[Round "3.4"]
[White "Michaelis, Lothar"]
[Black "Stadler, Alexander"]
[Result "0-1"]
[WhiteElo "2024"]
[BlackElo "1991"]
[PlyCount "74"]
[EventDate "2011.10.02"]
[EventType "team-tourn"]
[EventRounds "9"]
[EventCountry "GER"]
[SourceTitle "EXT 2013"]
[Source "ChessBase"]
[SourceDate "2012.11.22"]
[SourceVersion "1"]
[SourceVersionDate "2012.11.22"]
[SourceQuality "1"]
[WhiteTeam "Ingolstadt II"]
[BlackTeam "Deggendorf"]
[WhiteTeamCountry "GER"]
[BlackTeamCountry "GER"]

1. e4 c5 2. Nf3 Nf6 3. Nc3 d5 4. Bb5+ Bd7 5. Qe2 dxe4 6. Ng5 a6 7. Bc4 e6 8. a4 Nc6 9. Ncxe4 Nd4 10. Qd3 Bc6 11. c3 Nf5 12. 0-0 h6 13. Nxf6+ Qxf6 14. Ne4 Qg6 15. Qe2 Nh4 16. f3 Nxf3+ 17. Rxf3 Bxe4 18. Rg3 Qh7 19. d4 cxd4 20. cxd4 Rd8 21. Bd2 Be7 22. Re3 Rxd4 23. Bc3 Bc5 24. Kh1 Rxc4 25. Qxc4 Bxe3 26. Qc8+ Ke7 27. Qc7+ Ke8 28. Rf1 f6 29. Qb8+ Kf7 30. Qc7+ Kg6 31. Qg3+ Bg5 32. h4 Qg8 33. hxg5 hxg5+ 34. Kg1 Qh7 35. Re1 Qh1+ 36. Kf2 Qh4 37. Rxe4 Qxe4 0-1

[Event "Regionalliga SO 1112"]
[Site "Bayern"]
[Date "2011.10.23"]
[Round "2.5"]
[White "Michaelis, Lothar"]
[Black "Billenkamp, Thomas"]
[Result "0-1"]
[WhiteElo "2024"]
[BlackElo "1964"]
[PlyCount "80"]
[EventDate "2011.10.02"]
[EventType "team-tourn"]
[EventRounds "9"]
[EventCountry "GER"]
[SourceTitle "EXT 2013"]
[Source "ChessBase"]
[SourceDate "2012.11.22"]
[SourceVersion "1"]
[SourceVersionDate "2012.11.22"]
[SourceQuality "1"]
[WhiteTeam "Ingolstadt II"]
[BlackTeam "Tegernsee"]
[WhiteTeamCountry "GER"]
[BlackTeamCountry "GER"]

1. d4 Nf6 2. Nf3 g6 3. g3 Bg7 4. Bg2 0-0 5. 0-0 d6 6. c4 Nbd7 7. Nc3 e5 8. dxe5 dxe5 9. Bg5 h6 10. Bd2 c6 11. Qc2 Qe7 12. b4 Qxb4 13. Na4 Qe7 14. Rab1 Re8 15. Rb3 e4 16. Nd4 Ng4 17. e3 f5 18. Ne2 Nge5 19. Bb4 Qf7 20. Nb2 Nb6 21. c5 Nd5 22. Ba5 Rb8 23. Nd4 Bd7 24. Rb1 b5 25. cxb6 axb6 26. Nc4 Nxc4 27. Qxc4 b5 28. Qc2 Rec8 29. Bd2 Nb6 30. Bf1 Ra8 31. Bb4 c5 32. Bxc5 Na4 33. Rxb5 Bxb5 34. Rxb5 Kh7 35. Bc4 Qe8 36. Bb3 Bxd4 37. Bxa4 Rxa4 38. Qxa4 Bxc5 39. Rb7+ Kh8 40. Qc2 Bd6 0-1

[Event "Landesliga Sued 1011"]
[Site "Bayern"]
[Date "2011.02.27"]
[Round "7.8"]
[White "Benischek, Wolfgang"]
[Black "Michaelis, Lothar"]
[Result "0-1"]
[WhiteElo "2004"]
[BlackElo "2019"]
[PlyCount "56"]
[EventDate "2010.10.10"]
[EventType "team-tourn"]
[EventRounds "9"]
[EventCountry "GER"]
[SourceTitle "EXT 2012"]
[Source "ChessBase"]
[SourceDate "2011.11.24"]
[SourceVersion "1"]
[SourceVersionDate "2011.11.24"]
[SourceQuality "1"]
[WhiteTeam "Freising"]
[BlackTeam "Ingolstadt"]
[WhiteTeamCountry "GER"]
[BlackTeamCountry "GER"]

1. e4 c5 2. Nf3 e6 3. d4 cxd4 4. Nxd4 a6 5. Bd3 Qc7 6. 0-0 Nf6 7. Kh1 Bc5 8. Nb3 Be7 9. f4 d6 10. Nc3 Nbd7 11. Qf3 b6 12. Bd2 Bb7 13. Qh3 g6 14. Rae1 h5 15. e5 Ng4 16. exd6 Qxd6 17. Be4 Bc6 18. Qf3 Rc8 19. Nd4 Bxe4 20. Qxe4 Nc5 21. Qe2 Qxd4 22. b4 Nd7 23. Qxa6 0-0 24. Ne4 Rxc2 25. h3 Ngf6 26. Nxf6+ Nxf6 27. Be3 Qd5 28. Rf3 Ra8 0-1

[Event "Landesliga Sued 1011"]
[Site "Bayern"]
[Date "2010.11.14"]
[Round "3.7"]
[White "Michaelis, Lothar"]
[Black "Bonacci, Mauro"]
[Result "1-0"]
[WhiteElo "2019"]
[BlackElo "2131"]
[PlyCount "77"]
[EventDate "2010.10.10"]
[EventType "team-tourn"]
[EventRounds "9"]
[EventCountry "GER"]
[SourceTitle "EXT 2012"]
[Source "ChessBase"]
[SourceDate "2011.11.24"]
[SourceVersion "1"]
[SourceVersionDate "2011.11.24"]
[SourceQuality "1"]
[WhiteTeam "Ingolstadt"]
[BlackTeam "Muenchen Zugzwang"]
[WhiteTeamCountry "GER"]
[BlackTeamCountry "GER"]

1. d4 Nf6 2. c4 g6 3. Nf3 Bg7 4. g3 0-0 5. Bg2 d6 6. 0-0 c6 7. Nc3 Nbd7 8. b3 Re8 9. Bb2 e5 10. dxe5 dxe5 11. Qd6 Bf8 12. Qd2 Qc7 13. Ng5 h6 14. Nge4 Nxe4 15. Nxe4 f5 16. Nc3 Nf6 17. e4 Be6 18. Rae1 Rad8 19. Qc2 Bg7 20. exf5 Bxf5 21. Ne4 Nd7 22. c5 Nf8 23. b4 Qf7 24. Qc3 Bxe4 25. Bxe4 Ne6 26. Qc2 Kh7 27. h4 h5 28. Re3 Nd4 29. Qd1 Bh6 30. Rd3 Kg8 31. Bxd4 exd4 32. Rxd4 Qf6 33. Rxd8 Rxd8 34. Qb1 Kg7 35. b5 Re8 36. bxc6 bxc6 37. Rd1 Qe6 38. Bxg6 Rf8 39. Qb7+ 1-0

[Event "Landesliga Sued 0809"]
[Site "Bayern"]
[Date "2009.02.01"]
[Round "6.5"]
[White "Lettl, Gerhard"]
[Black "Michaelis, Lothar"]
[Result "1/2-1/2"]
[WhiteElo "2020"]
[BlackElo "2130"]
[PlyCount "43"]
[EventDate "2008.10.05"]
[EventType "team-tourn"]
[EventRounds "9"]
[EventCountry "GER"]
[SourceTitle "EXT 2020"]
[Source "ChessBase"]
[SourceDate "2019.10.17"]
[SourceVersion "1"]
[SourceVersionDate "2019.10.17"]
[SourceQuality "1"]
[WhiteTeam "Tegernsee II"]
[BlackTeam "Ingolstadt"]
[WhiteTeamCountry "GER"]
[BlackTeamCountry "GER"]

1. e4 c5 2. c3 Nf6 3. e5 Nd5 4. Nf3 e6 5. d4 cxd4 6. cxd4 d6 7. Nc3 Nc6 8. Bd2 dxe5 9. dxe5 Be7 10. Be2 0-0 11. 0-0 Nxc3 12. Bxc3 b6 13. Qa4 Bb7 14. Rfd1 Qc7 15. Rac1 Rfd8 16. Rxd8+ Rxd8 17. Bd2 Qd7 18. Bb5 Rc8 19. Be3 a6 20. Be2 b5 21. Qd1 Qxd1+ 22. Rxd1 1/2-1/2

[Event "Regionalliga SO 0708"]
[Site "Bayern"]
[Date "2007.11.25"]
[Round "3.3"]
[White "Hofmann, Juergen2"]
[Black "Michaelis, Lothar"]
[Result "1-0"]
[WhiteElo "2147"]
[BlackElo "2204"]
[PlyCount "67"]
[EventDate "2007.10.21"]
[EventType "team-tourn"]
[EventRounds "9"]
[EventCountry "GER"]
[SourceTitle "EXT 2009"]
[Source "ChessBase"]
[SourceDate "2008.11.26"]
[SourceVersion "1"]
[SourceVersionDate "2008.11.26"]
[SourceQuality "1"]
[WhiteTeam "Graefelfing"]
[BlackTeam "Ingolstadt"]
[WhiteTeamCountry "GER"]
[BlackTeamCountry "GER"]

1. e4 c5 2. Nf3 e6 3. d4 cxd4 4. Nxd4 a6 5. Nc3 Qc7 6. Be3 Nf6 7. Bd3 Bc5 8. 0-0 b5 9. Nce2 Bb7 10. Ng3 d6 11. Nh5 Nxh5 12. Qxh5 0-0 13. Qh3 Nd7 14. e5 g6 15. exd6 Bxd6 16. Rad1 Be5 17. f4 Bg7 18. f5 exf5 19. Nxf5 Bxb2 20. Nh6+ Kg7 21. Nxf7 Nf6 22. Ng5 Bc8 23. Qh4 Kg8 24. Ne4 Bf5 25. Bh6 Bxe4 26. Bxe4 Nxe4 27. Bxf8 Qxc2 28. Bh6 Bf6 29. Qg4 Qc5+ 30. Kh1 Nf2+ 31. Rxf2 Qxf2 32. Qe6+ Kh8 33. Qf7 Rg8 34. Bg5 1-0